Návrh opatrení na zlepšenie využitia nástrojov marketingového mixu v podniku ELEKTROKARBON a.s., Topoľčany

Gespeichert in:
Bibliographische Detailangaben
1. Verfasser: Grznár, Andrej, 1987- (Verfasst von)
Weitere Verfasser: Hasayová, Martina, 1979- (Betreuung Doktorarbeit)
Format: Manuskript Buch
Sprache:Slowakisch
Veröffentlicht: STU v Bratislave MTF UPMK, 2010
Schlagworte:
Online-Zugang:VAIS
Tags: Tag hinzufügen
Keine Tags, Fügen Sie das erste Tag hinzu!

MARC

LEADER 00000ntm a22000003a 4500
001 stu207120
005 20160719160204.8
008 100710s2010------------------------slo-d
040 |a STU  |b slo 
041 0 |a slo 
100 1 |a Grznár, Andrej,  |d 1987-  |4 aut  |X 48336  |7 A000048336 
242 0 0 |a Proposal of measures to improve the use of marketing mix in the enterprise ELEKTROKARBON a.s., Topoľčany  |y eng 
245 1 |a Návrh opatrení na zlepšenie využitia nástrojov marketingového mixu v podniku ELEKTROKARBON a.s., Topoľčany  
260 |b STU v Bratislave MTF UPMK,  |c 2010 
650 7 |a marketing mix  |2 estusub 
650 7 |a product  |2 estusub 
650 7 |a price  |2 estusub 
650 7 |a promotion  |2 estusub 
650 7 |a produkt  |2 stusub 
650 7 |a cena  |2 stusub 
650 7 |a distribúcia  |2 stusub 
650 7 |a marketingový mix  |2 stusub 
700 1 |a Hasayová, Martina,  |d 1979-  |4 ths  |u M4000  |U MTF Materiálovotechnologická fakulta  |T MTF Ústav priemyselného inžinierstva a manažmentu  |X 60219  |U M4000  |Y 84  |7 A000060219 
856 4 |a info a plný text  |u http://is.stuba.sk/zp/portal_zp.pl?podrobnosti=46948  |3 VAIS 
996 |c M*BP-4406  |l MMSKP  |s P  |a 0  |w stu207120_0001